New Bible Dictionary (Record no. 17834)

MARC details
000 -LEADER
fixed length control field 00611nam a2200253 a 4500
020 ## - INTERNATIONAL STANDARD BOOK NUMBER
ISBN 0830896
082 00 - DEWEY DECIMAL CLASSIFICATION NUMBER
Classification number 220.3
Author Cutter MAR
100 ## - MAIN ENTRY--AUTHOR NAME
Author name Marshall, I H
245 ## - TITLE STATEMENT
Title New Bible Dictionary
260 ## - PUBLICATION, DISTRIBUTION, ETC. (IMPRINT)
Place of publication Leicester
Name of publisher Inter Varsity Press
Year of publication 1996
300 ## - PHYSICAL DESCRIPTION
Number of Pages 1298p
500 ## - GENERAL NOTE
General note includes index and biblioraphy
505 2# - FORMATTED CONTENTS NOTE
Formatted contents note Index
650 ## - SUBJECT ADDED ENTRY--TOPICAL TERM
Topical Term Bible-Dictionaries
942 ## - ADDED ENTRY ELEMENTS (KOHA)
Koha item type Books
700 1# -
-- A R Millard
700 1# -
-- J I Packer
Holdings
Collection code Home library Current library Date acquired Cost, normal purchase price Full call number Accession Number Koha item type
  Henry Martyn Institute Library Henry Martyn Institute Library 06/15/2007 100.00 220.3 MAR 11000439 Books
                   Copyright © 2026 | Henry Martyn Institute | Hyderabad | TS-500052 | INDIA | Implemented by hmi.edu.in
Hit-Count:

Powered by Koha